| 000 | 00435nam a2200145Ia 4500 | ||
|---|---|---|---|
| 008 | 230917s9999||||xx |||||||||||||| ||und|| | ||
| 040 |
_e46535 _aMAIN |
||
| 041 | _aEnglish | ||
| 082 | _a821.8 E46S:T | ||
| 100 | _aSharma, Krishan Lal | ||
| 245 | 0 | _aT S Eliot: the aesthetics of impersonality a survey of Eliot's theory of poetry, drama and criticism | |
| 260 |
_aLudhiana _bKrishan Lal Sharma _c1973 |
||
| 300 | _a124 p. | ||
| 942 | _cBK | ||
| 999 |
_c35552 _d35552 |
||